Normal view
MARC view
- Ventosa Pérez, Víctor Juan,
Entry Nombre Personal
001 - NUMERO DE CONTROL
- campo de control: 29622
003 - IDENTIFICADOR DE NUMERO DE CONTROL
- campo de control: UPN
005 - FECHA Y HORA DE LA ÜLTIMA TRANSACCIÓN
- campo de control: 20210219194405.0
008 - DATOS DE LONGITUD FIJA
- campo de control de longitud fija: nabaccnnaabn|||||||||| b |nc|||||d
035 ## - NUMERO DE CONTROL
- Número de control: UPN11000001728
040 ## - FUENTE DE CATALOGACIÓN
- Lenguaje de catalogación: SPA
- Agencia de transcripción: UPN
100 1# - ENCABEZAMIENTO - NOMBRE PERSONAL
- Nombre personal: Ventosa Pérez, Víctor Juan,
- Fechas asociadas con el nombre: 1957-
400 1# - VEÁSE - NOMBRE DE PERSONA
- Personal name: Ventosa, Víctor J.,
- Dates associated with a name: 1957-
670 ## - FUENTE EN LA QUE SE LOCALIZARON DATOS
- Cita de la fuente: LC
680 ## - NOTA PUBLICA DE ACCESO PÚBLICO
- Frase explicativa de la referencia: Profesor universitario español. También es consultor internacional e investigador en el campo de la educación social, la animación y el tiempo libre
902 ## - CATALOGADOR
- Catalogador: DAA/230608
